000 00789nab#a2200241#c#4500
999 _c53633
_d53633
003 IEF
005 20191205101944.0
008 950704s1976 uuu|| #####0 b| |u
040 _aIEF
_cES-MaIEF
100 1 _aGarcía Lombardero y Viñas, Jaime
_917413
245 _aHacia una historia económica de las nacionalidades
_bdatos para el estudio de la estructura del poder económico del clero gallego en el siglo XVIII
_c Jaime García-Lombardero y Viñas
260 _c1976
500 _aBibliografía
650 4 _aHISTORIA ECONOMICA
_945401
650 4 _aESPAÑA
_941092
650 4 _aIGLESIA
_945527
650 4 _aGALICIA
_944731
650 4 _aSIGLO XVIII
_948419
773 0 _tHacienda pública española
_w34570
_g38, p. 101-110
942 _2udc
942 _2udc